The pocket book of great drawings
Збережено в:
| Автор: | |
|---|---|
| Формат: | Книга |
| Мова: | Англійська |
| Опубліковано: |
Washington, D.C
Washington Square Press
1961
|
| Предмети: | |
| Теги: |
Додати тег
Немає тегів, Будьте першим, хто поставить тег для цього запису!
|
MARC
| LEADER | 00000nam a2200000 a 4500 | ||
|---|---|---|---|
| 001 | UCZ3152 | ||
| 003 | CL-VaPUC | ||
| 008 | 951020e19610000US |||||||||||||||||eng|d | ||
| 082 | 0 | 4 | |a 741.923 |b SAC |2 21 |
| 100 | 0 | |a Sachs, Paul J |e author |9 346937 | |
| 245 | 1 | 4 | |a The pocket book of great drawings |
| 300 | |a 112 p | ||
| 942 | |c BK | ||
| 945 | |d 19951020 00:00:00 |a rbrito | ||
| 260 | |a Washington, D.C |b Washington Square Press |c 1961 | ||
| 650 | 0 | |a Dibujos |9 264123 | |
| 650 | 0 | |a Pintura |9 265046 | |
| 650 | 7 | |a CROQUIS |2 CL-VaPUC |9 346938 | |
| 650 | 0 | |a Artes gráficas |9 265865 | |
| 583 | |a last modification |c 20130307 10:00:56 |k Rodrigo Vera | ||
| 999 | |c 239665 |d 239663 | ||
| 952 | |0 0 |1 0 |4 0 |6 741_923000000000000_SAC_1961 |7 0 |8 A |9 250962 |a BIBART |b BIBART |d 2019-11-18 |i 3142167 |o 741.923 SAC 1961 |p 3142167 |r 2025-03-13 |w 2019-11-18 |y BK |k ART | ||